[Event "POL-chT3"]
[Site "Jastrzebia Gora POL"]
[Date "2016.09.06"]
[Round "4.34"]
[White "Daniluk, Jerzy"]
[Black "Slezak, Robert"]
[Result "0-1"]
[WhiteElo "2100"]
[BlackElo "2134"]
[EventDate "2016.09.02"]

1.Nf3 Nf6 2.c4 d6 3.d4 g6 4.Nc3 Bg7 5.Bg5 O-O 6.e4 h6 7.Bh4 e5 8.dxe5 dxe5
9.Qxd8 Rxd8 10.Bxf6 Bxf6 11.Nd5 Nd7 12.Nxc7 Rb8 13.Nd5 Kg7 14.b4 Nf8 15.h3
b6 16.Be2 Ne6 17.O-O Bb7 18.Rfd1 b5 19.c5 Bxd5 20.exd5 Nf4 21.Bf1 Nxd5 22.
c6 e4 23.Nd4 Nc7 24.Nb3 Bxa1 25.Rxa1 Rd6 26.Rc1 f5 27.Be2 Rb6 28.Na5 Rd2 
29.Bf1 Rxa2 30.Rd1 Rxa5 31.Rd7+ Kf6 32.Rxc7 Ra1 33.Rc8 Rc1 34.c7 Rbc6 35.
Rf8+ Kg7 36.c8=Q Rxc8 37.Rxc8 Rxc8 0-1

[Event "POL-chT3"]
[Site "Jastrzebia Gora POL"]
[Date "2016.09.06"]
[Round "4.35"]
[White "Mucha, Magdalena"]
[Black "Kupryjaniuk, Tomasz"]
[Result "1/2-1/2"]
[WhiteElo "1947"]
[BlackElo "1819"]
[EventDate "2016.09.02"]

1.e4 Nc6 2.Nf3 f5 3.exf5 d5 4.Bb5 a6 5.Bxc6+ bxc6 6.Ne5 Bxf5 7.d4 e6 8.
Nxc6 Qh4 9.Nc3 Bd6 10.Be3 Ne7 11.Nxe7 Qxe7 12.Qd2 O-O 13.Ne2 Be4 14.f3 Bf5
15.Bf2 c6 16.Bg3 e5 17.O-O e4 18.Bxd6 Qxd6 19.fxe4 Bxe4 20.Ng3 Bg6 21.c3 
Rab8 22.Rxf8+ Qxf8 23.Rf1 Qc8 24.Rf2 Qd7 25.Qf4 Re8 26.Re2 Rxe2 27.Nxe2 h6
28.Kf2 Bb1 29.a3 Bd3 30.Nc1 Be4 31.Ne2 Bd3 32.Ng1 Qb7 33.Qd2 Be4 34.Nf3 
Qf7 35.Qe3 Qb7 36.Qe2 Bxf3 37.Kxf3 a5 38.Qc2 Qe7 39.Kf2 Qh4+ 40.Kf3 Qxh2 
41.Qg6 Qc7 42.Qe8+ Kh7 43.Qe6 1/2-1/2

[Event "POL-chT3"]
[Site "Jastrzebia Gora POL"]
[Date "2016.09.06"]
[Round "4.36"]
[White "Kindler, Karolina"]
[Black "Tracz, Marcelina"]
[Result "1/2-1/2"]
[WhiteElo "1717"]
[BlackElo "1825"]
[EventDate "2016.09.02"]

1.b3 e6 2.Bb2 d5 3.e3 Nf6 4.Nf3 Bd6 5.d4 O-O 6.Bd3 b6 7.O-O Bb7 8.Ne5 Nbd7
9.f4 Ne4 10.Rf3 f6 11.Ng4 c5 12.Bxe4 dxe4 13.Rg3 cxd4 14.Bxd4 Qe7 15.Nd2 
Rad8 16.Nf2 e5 17.fxe5 Bxe5 18.Bxe5 Qxe5 19.Nc4 Qc3 20.Qc1 Nc5 21.Nh3 b5 
22.Na3 a6 23.Qe1 Qb2 24.Qc1 Qc3 25.Qe1 Qxe1+ 26.Rxe1 Rd2 27.Rc1 Rfd8 28.
Nf2 Ne6 29.Nb1 R2d7 30.a3 Rc8 31.c3 Nc5 32.b4 Na4 33.Rd1 Rdc7 34.Rd4 f5 
35.Nd1 g6 36.h4 Re8 37.h5 Re6 38.hxg6 Rxg6 39.Rxg6+ hxg6 40.Rd8+ Kg7 
1/2-1/2

[Event "POL-chT3"]
[Site "Jastrzebia Gora POL"]
[Date "2016.09.06"]
[Round "4.37"]
[White "Tomaszewski, Kacper"]
[Black "Gumula, Daniel"]
[Result "0-1"]
[WhiteElo "2185"]
[BlackElo "2248"]
[EventDate "2016.09.02"]

1.d4 g6 2.c4 Bg7 3.Nc3 c5 4.d5 d6 5.e4 a6 6.Bd3 e6 7.a4 exd5 8.cxd5 Nd7 9.
Nf3 Qc7 10.O-O Ngf6 11.h3 O-O 12.Bf4 Re8 13.Nd2 Ne5 14.Be2 Nfd7 15.Be3 c4 
16.f4 Nd3 17.Bxd3 cxd3 18.Rc1 Qb8 19.Nc4 b5 20.axb5 axb5 21.Nxb5 Bf8 22.
Nc3 Qb4 23.b3 Ba6 24.Na2 Qb8 25.Nc3 Bg7 26.Nd2 Qb4 27.Na4 Bd4 28.Bxd4 
Qxd4+ 29.Kh2 Nf6 30.Nc3 Rac8 31.Nf3 Qb4 32.Qd2 Nxe4 33.Nxe4 Qxe4 34.Rxc8 
Rxc8 35.Rc1 Rxc1 36.Qxc1 Qxd5 37.Qb2 Bb7 38.b4 Qc4 39.Qf6 Bxf3 40.Qxd6 Bb7
41.f5 Qd5 42.Qb8+ Kg7 43.f6+ Kxf6 44.Qh8+ Ke7 0-1

[Event "POL-chT3"]
[Site "Jastrzebia Gora POL"]
[Date "2016.09.06"]
[Round "4.38"]
[White "Kolosowski, Pawel"]
[Black "Smolka, Marcin"]
[Result "1-0"]
[WhiteElo "2214"]
[BlackElo "2184"]
[EventDate "2016.09.02"]

1.e4 e5 2.Bc4 Nf6 3.d3 c6 4.Nf3 d5 5.Bb3 Bb4+ 6.c3 Bd6 7.Nbd2 O-O 8.O-O 
Re8 9.Re1 h6 10.Nf1 Nbd7 11.Ng3 Nf8 12.Nh4 Bc7 13.Nhf5 dxe4 14.Bxh6 g6 15.
Qd2 Qxd3 16.Qg5 N6h7 17.Ne7+ Kh8 18.Qh4 Bd8 19.Bg5 Bxe7 20.Bxe7 Kg7 21.
Nxe4 Nd7 22.Rad1 Qa6 23.Rxd7 Bxd7 24.Bf6+ Nxf6 25.Qxf6+ Kh6 26.Nc5 Qa5 27.
Re4 1-0

[Event "POL-chT3"]
[Site "Jastrzebia Gora POL"]
[Date "2016.09.06"]
[Round "4.39"]
[White "Wolynski, Krzysztof"]
[Black "Garbowski, Jakub"]
[Result "1/2-1/2"]
[WhiteElo "2065"]
[BlackElo "2030"]
[EventDate "2016.09.02"]

1.d4 Nf6 2.c4 g6 3.Nc3 d5 4.Nf3 Bg7 5.h4 dxc4 6.e4 c5 7.d5 b5 8.h5 Nxh5 9.
Nxb5 Qa5+ 10.Nc3 O-O 11.Qc2 Nd7 12.Bxc4 Nb6 13.Be2 f5 14.Bd2 c4 15.Ng5 Nf6
16.f3 h6 17.Nh3 Nh5 18.g4 fxg4 19.fxg4 Ng3 20.Rg1 Nxe2 21.Kxe2 Qc5 22.Be3 
Qd6 23.Rg2 h5 24.Nf2 hxg4 25.Rag1 g3 26.Rxg3 Rf6 27.Bd4 e5 28.Be3 Bd7 29.
Ng4 Bxg4+ 30.Rxg4 Raf8 31.R4g3 Nd7 32.Qa4 Rb8 33.Qxc4 Rxb2+ 34.Ke1 Nb6 35.
Qd3 Qb4 36.R1g2 Nc4 37.Bc1 Rxg2 38.Rxg2 Nd6 39.Rb2 Qd4 40.Qe3 Qxe3+ 41.
Bxe3 Rf3 42.Rb8+ Kh7 43.Ke2 Rh3 44.Rb3 1/2-1/2

[Event "POL-chT3"]
[Site "Jastrzebia Gora POL"]
[Date "2016.09.06"]
[Round "4.40"]
[White "Siedlinski, Piotr"]
[Black "Klementowski, Dawid"]
[Result "1-0"]
[WhiteElo "2107"]
[BlackElo "1928"]
[EventDate "2016.09.02"]

1.e4 c5 2.Nf3 e6 3.d4 cxd4 4.Nxd4 a6 5.Bd3 g6 6.Be3 Bg7 7.O-O Ne7 8.c4 d6 
9.Nc3 O-O 10.Rc1 Nbc6 11.Be2 h6 12.Qd2 Kh7 13.Rfd1 d5 14.cxd5 exd5 15.exd5
Nxd5 16.Nxd5 Qxd5 17.Nxc6 bxc6 18.b3 Rd8 19.Qb4 1-0

[Event "POL-chT3"]
[Site "Jastrzebia Gora POL"]
[Date "2016.09.06"]
[Round "4.41"]
[White "Cieslak, Patrycjusz"]
[Black "Guzik, Jolanta"]
[Result "1/2-1/2"]
[WhiteElo "1919"]
[BlackElo "1990"]
[EventDate "2016.09.02"]

1.e4 g6 2.d4 Bg7 3.Nc3 c6 4.f4 d5 5.Nf3 dxe4 6.Nxe4 Nf6 7.Nxf6+ Bxf6 8.Bc4
Bg4 9.c3 e6 10.O-O O-O 11.h3 Bxf3 12.Rxf3 Nd7 13.Be3 Nb6 14.Bd3 Nd5 15.Bf2
Qc7 16.Qd2 Rad8 17.Rf1 Bg7 18.Qc2 Bh6 19.g3 b6 20.a3 Bg7 21.Rd1 Rd7 22.Bf1
Rfd8 23.Rfd3 h5 24.h4 Ne7 25.Bg2 Nf5 26.Be4 Nh6 27.Bf3 Nf5 28.b4 b5 29.a4 
a6 30.Ra1 a5 31.axb5 cxb5 32.Rxa5 Nxd4 33.Bxd4 Rxd4 34.Rxd4 Bxd4+ 35.Kh1 
Bxc3 36.Rxb5 Rd2 37.Qe4 Bd4 38.Qc6 Qxc6 39.Bxc6 Kf8 40.Rb7 Rb2 41.b5 Be3 
42.Rd7 1/2-1/2

[Event "POL-chT3"]
[Site "Jastrzebia Gora POL"]
[Date "2016.09.06"]
[Round "4.42"]
[White "Pluta, Natalia"]
[Black "Dziodzio, Angelika"]
[Result "1/2-1/2"]
[WhiteElo "1623"]
[BlackElo "2064"]
[EventDate "2016.09.02"]

1.c4 c5 2.g3 Nc6 3.Nc3 g6 4.Bg2 Bg7 5.e3 e5 6.Nge2 Nge7 7.O-O O-O 8.a3 Rb8
9.Rb1 a5 10.d3 d6 11.h3 Be6 12.Nd5 b5 13.b3 bxc4 14.dxc4 a4 15.b4 cxb4 16.
Qxa4 bxa3 17.Rxb8 Qxb8 18.Bxa3 Rc8 19.Nec3 Bxd5 20.Nxd5 Nxd5 21.Bxd5 Ne7 
22.Be4 Bf8 23.Qa6 Nf5 24.Rb1 Qc7 25.Rb7 Qd8 26.Rb6 Rxc4 27.Bxf5 gxf5 28.
Bxd6 Rc1+ 29.Kg2 Bxd6 30.Rxd6 Qe7 31.Qa8+ Kg7 32.Rd8 Qc7 33.Rg8+ Kf6 34.e4
fxe4 35.Qf8 e3 36.Qh6+ Ke7 37.Qxe3 Qc6+ 1/2-1/2

[Event "POL-chT3"]
[Site "Jastrzebia Gora POL"]
[Date "2016.09.06"]
[Round "4.43"]
[White "Paprocki, Jaroslaw"]
[Black "Rudolf, Michal"]
[Result "0-1"]
[WhiteElo "2195"]
[BlackElo "2339"]
[EventDate "2016.09.02"]

1.e4 c6 2.d4 d5 3.Nc3 dxe4 4.Nxe4 Bf5 5.Ng3 Bg6 6.h4 h6 7.Nf3 Nd7 8.h5 Bh7
9.Bd3 Bxd3 10.Qxd3 e6 11.Bf4 Qa5+ 12.Bd2 Qc7 13.O-O-O O-O-O 14.c4 Ngf6 15.
Ne4 c5 16.Nxf6 Nxf6 17.Bc3 cxd4 18.Bxd4 Bc5 19.Kb1 Bxd4 20.Nxd4 Qf4 21.f3 
Rd7 22.Ne2 Qe5 23.Qc2 Rhd8 24.Nc3 Nxh5 25.Rde1 Qa5 26.Ne4 Nf6 27.Nxf6 gxf6
28.g4 Rd2 29.Qc3 Qxc3 30.bxc3 Rf2 31.Ref1 Rg2 32.Rxh6 Rdd2 33.Rxf6 Rb2+ 
34.Ka1 Rxa2+ 35.Kb1 a5 36.Rxf7 a4 37.Rh1 Kb8 38.Rh8+ Ka7 39.Rh5 Raf2 40.
Ra5+ Kb8 41.Rf8+ Kc7 42.Rf7+ Kc6 0-1

[Event "POL-chT3"]
[Site "Jastrzebia Gora POL"]
[Date "2016.09.06"]
[Round "4.44"]
[White "Warszawski, Bartosz"]
[Black "Zebracki, Tomasz"]
[Result "0-1"]
[WhiteElo "2223"]
[BlackElo "2196"]
[EventDate "2016.09.02"]

1.e4 e6 2.d4 d5 3.Nc3 Nf6 4.Bg5 dxe4 5.Nxe4 Nbd7 6.Nxf6+ Nxf6 7.Nf3 Be7 8.
Bd3 O-O 9.Qe2 h6 10.Bxf6 Bxf6 11.O-O-O Qd5 12.Kb1 Rb8 13.c4 Qa5 14.h4 b5 
15.cxb5 Bd7 16.g4 Bxb5 17.g5 Bc6 18.gxf6 Bxf3 19.Bh7+ Kxh7 20.Qxf3 g6 21.
d5 Qb4 22.b3 exd5 23.Rxd5 Rbe8 24.h5 Qe4+ 25.Qxe4 Rxe4 26.Rd7 Rf4 27.hxg6+
Kxg6 28.Rxc7 Rxf2 29.Rg1+ Kxf6 30.Rc6+ Ke5 31.Rxh6 f5 32.Rh7 a6 33.Rh6 Rd8
34.Rxa6 f4 35.Rc6 Rdd2 36.a4 f3 37.a5 Rb2+ 38.Kc1 Ra2 39.Kb1 Rfb2+ 40.Kc1 
f2 41.Rf1 Re2 42.Kb1 Rxa5 43.Rc2 Ra1+ 0-1

[Event "POL-chT3"]
[Site "Jastrzebia Gora POL"]
[Date "2016.09.06"]
[Round "4.45"]
[White "Ciemniak, Krzysztof"]
[Black "Chalupnik, Marcin"]
[Result "1/2-1/2"]
[WhiteElo "2000"]
[BlackElo "2191"]
[EventDate "2016.09.02"]

1.e4 c5 2.Nf3 d6 3.c3 Nf6 4.Bd3 g6 5.Bc2 Bg7 6.O-O O-O 7.h3 e5 8.d4 cxd4 
9.cxd4 Nc6 10.Nc3 exd4 11.Nxd4 Nxe4 12.Nxc6 Nxc3 13.Nxd8 Nxd1 14.Nxf7 Nxb2
15.Nxd6 Nc4 16.Nxc4 Bxa1 17.Ba3 Bf6 18.Bxf8 Kxf8 19.Nd6 Be6 20.a4 b6 21.
Re1 Bd5 22.Rd1 Bc6 23.Be4 Bxa4 24.Bxa8 Bxd1 25.Nc8 b5 26.Nxa7 b4 27.Be4 
Be2 28.Bd5 Bd4 29.Nc6 Bc5 30.g4 Ke8 31.Kg2 Kd7 32.Na5 Kd6 33.Bg8 h6 34.f4 
Be3 35.f5 gxf5 36.gxf5 Ke5 37.Nc6+ Kxf5 38.Nxb4 h5 1/2-1/2

[Event "POL-chT3"]
[Site "Jastrzebia Gora POL"]
[Date "2016.09.06"]
[Round "4.46"]
[White "Rams, Michal"]
[Black "Wisniewski, Przemyslaw"]
[Result "1/2-1/2"]
[WhiteElo "2199"]
[BlackElo "1970"]
[EventDate "2016.09.02"]

1.e4 c6 2.d4 d6 3.Nc3 Qc7 4.Nge2 e5 5.g3 Nf6 6.Bg2 Be7 7.h3 b5 8.a3 a6 9.
O-O O-O 10.g4 Rd8 11.Be3 Nbd7 12.Ng3 Nb6 13.Nf5 Bf8 14.Bg5 Bxf5 15.exf5 d5
16.dxe5 Qxe5 17.Re1 Qd6 18.b3 h6 19.Bh4 Re8 20.Qd4 Nbd7 21.b4 Qb8 22.Bg3 
Qb6 23.Qd2 a5 24.Rxe8 Rxe8 25.Rb1 axb4 26.axb4 Ne5 27.Bxe5 Rxe5 28.Kf1 Re8
29.Ne2 Ne4 30.Bxe4 Rxe4 1/2-1/2

[Event "POL-chT3"]
[Site "Jastrzebia Gora POL"]
[Date "2016.09.06"]
[Round "4.47"]
[White "Zebracki, Jaroslaw"]
[Black "Kaim, Piotr"]
[Result "0-1"]
[WhiteElo "1841"]
[BlackElo "2158"]
[EventDate "2016.09.02"]

1.d4 Nf6 2.Nc3 c5 3.dxc5 Qa5 4.e4 Nxe4 5.Bd2 Nxd2 6.Qxd2 Qxc5 7.Nf3 e6 8.
O-O-O Be7 9.Bd3 Nc6 10.h4 d5 11.Rde1 Bd7 12.Qf4 Bf6 13.Ng5 h6 14.Nb5 Ne5 
15.Rxe5 hxg5 16.Rxe6+ Bxe6 17.Qg3 gxh4 18.Qf4 O-O 19.Nd6 Qd4 20.Qxd4 Bxd4 
21.Rxh4 Rfd8 22.Nb5 Bxf2 23.Bh7+ Kf8 24.Rh1 Be3+ 25.Kb1 Rac8 26.Bd3 Ke7 
27.Re1 Bb6 28.Nc3 Ba5 0-1

[Event "POL-chT3"]
[Site "Jastrzebia Gora POL"]
[Date "2016.09.06"]
[Round "4.48"]
[White "Bednarska-bzdega, Malgorzata"]
[Black "Paprocka, Renata"]
[Result "0-1"]
[WhiteElo "2010"]
[BlackElo "1973"]
[EventDate "2016.09.02"]

1.e4 c5 2.Nf3 d6 3.d4 cxd4 4.Nxd4 Nf6 5.Nc3 g6 6.Be3 Bg7 7.f3 Nc6 8.Qd2 
O-O 9.O-O-O Nxd4 10.Bxd4 Be6 11.Kb1 Qc7 12.h4 Rfc8 13.h5 Qa5 14.a3 Nxh5 
15.Bxg7 Kxg7 16.Be2 Rxc3 17.Qxc3+ Qxc3 18.bxc3 Ng3 19.Rhe1 a6 20.Bd3 Rc8 
21.Kb2 Rc5 22.Rb1 Bc8 23.f4 e5 24.fxe5 dxe5 25.Re3 Nh5 26.Be2 Nf6 27.Rd1 
Bd7 28.Rd6 Bc6 29.Bd3 Bd7 30.Rf3 Be6 31.Rf1 Rc7 32.Rb1 Nd7 33.Kc1 Kf8 34.
Be2 Ke7 35.Rd3 Nc5 36.Re3 h5 37.Rb4 h4 38.Kd2 g5 39.Ke1 g4 40.Bf1 Kf6 41.
Rb1 Kg5 42.Bd3 Na4 43.c4 Rd7 44.Kd2 Bxc4 45.Rb4 b5 46.Rb1 Nc5 47.Rf1 Be6 
48.Ke2 Rd4 49.Kf2 Ra4 50.Ra1 Bc8 51.Kg1 f6 52.Ree1 Bb7 53.Red1 Nxe4 54.
Bxe4 Rxe4 55.Rd7 Bc6 56.Rg7+ Kh6 57.Rc7 Rc4 58.Rf1 Kg6 59.Rf2 g3 60.Rd2 
Be4 61.Ra7 Bxc2 62.Rxa6 Bd3 63.Rd1 Rc2 64.Rd6 Bc4 65.Rd8 Ra2 66.Rh8 Kg5 
67.Ra8 Bd5 0-1

[Event "POL-chT3"]
[Site "Jastrzebia Gora POL"]
[Date "2016.09.06"]
[Round "4.49"]
[White "Maciol, Ryszard"]
[Black "Helis, Tadeusz"]
[Result "1-0"]
[WhiteElo "2130"]
[BlackElo "2241"]
[EventDate "2016.09.02"]

1.d4 Nf6 2.c4 g6 3.Nc3 Bg7 4.e4 d6 5.Be2 O-O 6.Bg5 Nbd7 7.h4 c5 8.d5 Qa5 
9.Bd2 a6 10.a4 Re8 11.g4 Nf8 12.f4 Qc7 13.Nh3 e6 14.Nf2 exd5 15.cxd5 Rb8 
16.O-O Qe7 17.g5 N6d7 18.Qc2 h6 19.Rae1 hxg5 20.hxg5 f6 21.gxf6 Qxf6 22.
Kg2 Qf7 23.e5 dxe5 24.Nfe4 exf4 25.Bxf4 Ra8 26.Bg5 Nf6 27.Nxf6+ Bxf6 28.
Rxf6 Qg7 29.d6 Be6 30.Bf3 Rab8 31.Rexe6 Rxe6 32.Bd5 Re8 33.Qe4 Qd7 34.Rxe6
Rxe6 35.Bxe6+ 1-0

[Event "POL-chT3"]
[Site "Jastrzebia Gora POL"]
[Date "2016.09.06"]
[Round "4.50"]
[White "Walkusz, Witoslaw"]
[Black "Fudalej, Michal"]
[Result "1/2-1/2"]
[WhiteElo "2140"]
[BlackElo "2211"]
[EventDate "2016.09.02"]

1.e4 c6 2.d4 d5 3.exd5 cxd5 4.Bd3 Nc6 5.c3 Qc7 6.h3 e6 7.Nf3 h6 8.Nbd2 Nf6
9.O-O Bd6 10.Re1 O-O 11.Qe2 Nd7 12.Nf1 e5 13.dxe5 Ndxe5 14.Ne3 Re8 15.Bd2 
Nd7 16.Qd1 Nf6 17.Qa4 Bd7 18.Qc2 Bc5 19.Bf5 Rad8 20.Bxd7 Qxd7 21.Nf5 Bxf2+
22.Kxf2 Ne4+ 23.Rxe4 dxe4 24.N3d4 g6 25.Nxh6+ Kg7 26.Ng4 Nxd4 27.cxd4 f5 
28.Bh6+ Kh8 29.Ne3 Qxd4 30.Rd1 Qe5 31.Qc3 Qxc3 32.bxc3 Rxd1 33.Nxd1 Re6 
34.a4 Ra6 35.Nb2 Rb6 36.Bc1 Rb3 37.Nc4 Kh7 38.Bd2 b5 39.axb5 Rxb5 40.Ke3 
a5 41.Kd4 a4 42.g4 Kg7 43.gxf5 gxf5 44.h4 Kg6 45.Bc1 Rb1 46.Bg5 Kh5 47.Be7
Rd1+ 48.Ke5 Rd3 49.Nb2 Rd7 50.Bb4 e3 51.Nxa4 Kg4 52.c4 e2 53.c5 Re7+ 54.
Kd6 e1=Q 55.Bxe1 Rxe1 56.c6 Re8 57.Nc5 f4 58.c7 f3 59.Nd3 Kxh4 60.Kd7 Ra8 
61.c8=Q Rxc8 1/2-1/2

[Event "POL-chT3"]
[Site "Jastrzebia Gora POL"]
[Date "2016.09.06"]
[Round "4.52"]
[White "Cichon, Michal"]
[Black "Fudalej, Grzegorz"]
[Result "1/2-1/2"]
[WhiteElo "2021"]
[BlackElo "2137"]
[EventDate "2016.09.02"]

1.e4 c6 2.d4 d5 3.exd5 cxd5 4.Bd3 Nc6 5.c3 Qc7 6.h3 g6 7.Nf3 Bg7 8.O-O Nh6
9.Re1 Bf5 10.Bxh6 Bxh6 11.Bxf5 gxf5 12.Ne5 e6 13.Qh5 Bf4 14.Nxc6 bxc6 15.
Rxe6+ Kf8 16.Re2 Qd7 17.Qh4 Qd6 18.Na3 h6 19.Rae1 Kg7 20.Qh5 Qg6 21.Qxg6+ 
Kxg6 22.Nc2 a5 23.b3 Rhb8 24.g3 Bd6 25.Kg2 Kf6 26.Kf3 h5 27.h4 Rg8 28.Ne3 
Rad8 29.Ng2 Ra8 30.Nf4 Bxf4 31.Kxf4 Rg4+ 32.Kf3 Re4 33.Rxe4 fxe4+ 34.Kf4 
Rg8 35.f3 exf3 36.Kxf3 Rc8 37.Re5 Kg6 38.Kf4 f6 39.Re6 c5 40.Ra6 c4 41.
Rxa5 cxb3 42.axb3 Rxc3 43.Rxd5 Rxb3 44.g4 hxg4 45.Kxg4 Rb1 46.h5+ Kf7 47.
Ra5 Rb4 48.Kf5 Rxd4 49.Ra7+ Kg8 50.Kg6 Rd8 1/2-1/2

[Event "POL-chT3"]
[Site "Jastrzebia Gora POL"]
[Date "2016.09.06"]
[Round "4.53"]
[White "Piotrowski, Przemyslaw"]
[Black "Drzazga, Rafal"]
[Result "1-0"]
[WhiteElo "2252"]
[BlackElo "2068"]
[EventDate "2016.09.02"]

1.Nf3 Nf6 2.g3 g6 3.b3 Bg7 4.Bb2 O-O 5.Bg2 d6 6.d4 Bg4 7.O-O Qc8 8.Re1 c5 
9.c4 Bh3 10.Bh1 cxd4 11.Nxd4 Nc6 12.Nc3 Ne5 13.e4 Rd8 14.f4 Nc6 15.Nd5 
Nxd5 16.exd5 Nb4 17.a3 Na6 18.Rxe7 Qc5 19.Qd2 Bf6 20.Re3 Re8 21.Rae1 Rxe3 
22.Rxe3 Qb6 23.Bg2 Bd7 24.h3 Rc8 25.Kh2 Nc5 26.Bf3 h6 27.Bg4 Bxg4 28.hxg4 
a6 29.Qe2 Qd8 30.Nf3 Bxb2 31.Qxb2 Qd7 32.g5 h5 33.Qe2 Kf8 34.Nd4 Rd8 35.b4
Na4 36.f5 gxf5 37.Qxh5 Kg8 38.Qh6 f4 39.gxf4 Qg4 40.g6 1-0

[Event "POL-chT3"]
[Site "Jastrzebia Gora POL"]
[Date "2016.09.06"]
[Round "4.54"]
[White "Mikulewicz, Joanna"]
[Black "Zmarzly, Aleksandra"]
[Result "1-0"]
[WhiteElo "2075"]
[BlackElo "2011"]
[EventDate "2016.09.02"]

1.e4 c5 2.Nf3 d6 3.d4 cxd4 4.Nxd4 Nf6 5.Nc3 a6 6.Be2 e6 7.O-O Nbd7 8.f4 b5
9.Bf3 Bb7 10.Re1 Rc8 11.a4 bxa4 12.Nxa4 Qc7 13.Nc3 Nb6 14.Kh1 Be7 15.e5 
dxe5 16.Bxb7 Qxb7 17.fxe5 Nfd7 18.Qg4 g6 19.Qf3 Qxf3 20.Nxf3 Bb4 21.Rxa6 
O-O 22.Bh6 Rfe8 23.Rd1 Bxc3 24.bxc3 Rxc3 25.Ra7 Rec8 26.Raxd7 Nxd7 27.Rxd7
Rxc2 28.h3 R2c7 29.Rxc7 Rxc7 30.Kh2 Rc5 31.Kg3 Rc4 32.Kf2 Rc2+ 33.Kg3 Rc4 
34.Nd2 Rd4 35.Kf3 Rd3+ 36.Ke2 Rg3 37.Kf2 Ra3 38.Ne4 Ra5 39.Nf6+ Kh8 40.Ng4
Ra3 41.g3 Rb3 42.h4 Ra3 43.Kg2 Rb3 44.Kh3 Rb5 45.Kg2 Rb3 46.Nh2 Rb5 47.Nf3
Rb4 48.Ng5 Kg8 49.Kf3 Rb1 50.Kf4 Rf1+ 51.Nf3 Rf2 52.Kg4 Rf1 53.Nd4 Re1 54.
Nc6 Rf1 55.Ne7+ Kh8 56.Kg5 Rf3 57.Bf8 1-0

[Event "POL-chT3"]
[Site "Jastrzebia Gora POL"]
[Date "2016.09.06"]
[Round "4.55"]
[White "Banasik, Krzysztof"]
[Black "Brzezinski, Mateusz"]
[Result "1-0"]
[WhiteElo "2253"]
[BlackElo "2144"]
[EventDate "2016.09.02"]

1.e4 e5 2.Nf3 Nc6 3.Bc4 Bc5 4.O-O Nf6 5.d3 d6 6.c3 O-O 7.Bb3 a6 8.Nbd2 Ba7
9.Re1 Ne7 10.Nf1 Ng6 11.Ng3 c6 12.h3 h6 13.d4 Qc7 14.Be3 c5 15.Qd2 Kh7 16.
Rad1 c4 17.Bc2 Be6 18.Nf5 Nxe4 19.Bxe4 d5 20.Bxh6 Bxf5 21.Bxf5 gxh6 22.
Nxe5 Kg7 23.Bxg6 fxg6 24.Ng4 g5 25.Re6 Rf4 26.Rde1 Raf8 27.Re7+ 1-0

[Event "POL-chT3"]
[Site "Jastrzebia Gora POL"]
[Date "2016.09.06"]
[Round "4.56"]
[White "Kujawski, Adam"]
[Black "Tustanowski, Robert"]
[Result "1-0"]
[WhiteElo "2296"]
[BlackElo "2211"]
[EventDate "2016.09.02"]

1.e4 e5 2.Nf3 Nc6 3.Bb5 Bc5 4.O-O Nd4 5.Nxd4 Bxd4 6.c3 Bb6 7.d4 c6 8.Ba4 
d6 9.Na3 Nf6 10.Qd3 O-O 11.Bg5 h6 12.Bh4 Qe7 13.Bc2 g5 14.Bg3 exd4 15.cxd4
Qxe4 1-0

[Event "POL-chT3"]
[Site "Jastrzebia Gora POL"]
[Date "2016.09.06"]
[Round "4.57"]
[White "Siekaniec, Jan"]
[Black "Gralka, Przemyslaw"]
[Result "1/2-1/2"]
[WhiteElo "2076"]
[BlackElo "2283"]
[EventDate "2016.09.02"]

1.Nf3 d5 2.g3 c6 3.Bg2 Nf6 4.O-O Bg4 5.d3 e6 6.Nbd2 Nbd7 7.e4 Be7 8.Re1 
O-O 9.h3 Bh5 10.Qe2 a5 11.Nf1 Ne5 12.g4 Nxf3+ 13.Qxf3 dxe4 14.dxe4 Bg6 15.
Qe2 Qb6 16.Kh1 Bc5 17.f4 Rfe8 18.b3 Bd4 19.Rb1 Rad8 20.Bd2 h5 21.Qf3 hxg4 
22.hxg4 Kf8 23.c3 Bc5 24.f5 Bh7 25.Bg5 Rd7 26.Rbd1 Rxd1 27.Rxd1 exf5 28.
Bxf6 fxg4 29.Qxg4 gxf6 30.Ng3 Bg6 31.Rf1 Qd8 32.Nf5 Qd2 33.Qh4 Bxf5 34.
Rxf5 Re6 35.Rxc5 Qxa2 36.Qh6+ Ke7 37.Qf4 Qxb3 38.Rxa5 Rd6 39.Qf3 Rd8 40.
Ra1 Rh8+ 41.Kg1 Rd8 42.Rf1 Rd6 43.Bh3 Qb5 44.Kh1 Qe5 45.Rb1 b5 46.Ra1 Rd2 
47.Ra7+ Kf8 48.Ra8+ Ke7 49.Ra7+ Kf8 50.Bg2 Rc2 51.Qe3 Qg5 52.Qxg5 fxg5 53.
Ra3 c5 1/2-1/2

[Event "POL-chT3"]
[Site "Jastrzebia Gora POL"]
[Date "2016.09.06"]
[Round "4.58"]
[White "Stoppel, Mariusz"]
[Black "Wrobel, Maciej"]
[Result "1-0"]
[WhiteElo "2039"]
[BlackElo "2046"]
[EventDate "2016.09.02"]

1.e4 e5 2.Nf3 Nc6 3.d4 exd4 4.Bc4 Nf6 5.e5 Ng4 6.O-O d6 7.exd6 Qxd6 8.h3 
Nge5 9.Re1 Be7 10.Nxe5 Nxe5 11.Bf4 f6 12.Bxe5 fxe5 13.Qh5+ g6 14.Qxe5 Qxe5
15.Rxe5 Kf8 16.Bd3 Kf7 17.Nd2 Bf6 18.Re2 Bd7 19.Ne4 Rhe8 20.Rae1 Bc6 21.
Bc4+ Kg7 22.Nxf6 Kxf6 23.Re6+ Kg7 24.Re7+ Kh6 25.f3 Rad8 26.Kf2 Rxe7 27.
Rxe7 Rd7 28.Re5 a6 29.b3 b5 30.Bd3 Bd5 31.Ke2 Kg7 32.Be4 Bxe4 33.Rxe4 Kf6 
34.b4 a5 35.a3 c5 36.bxc5 Rd5 37.Kd3 Rxc5 38.Rxd4 Kf5 39.g3 h5 40.h4 g5 
41.c3 gxh4 42.Rxh4 Kg5 43.Rd4 Kf5 44.g4+ hxg4 45.fxg4+ Kg5 46.a4 bxa4 47.
Rxa4 Rb5 48.Rd4 Rc5 49.Kc2 Rb5 50.c4 Rb4 51.Kc3 Rb1 52.Rd5+ Kxg4 53.Rxa5 
Kf4 54.Rd5 Ke4 55.Rd8 Ke5 56.c5 Ke6 57.Kc4 Ke7 58.Rd2 Rb8 59.c6 Rd8 60.Rd5
Ra8 61.Rd7+ Ke6 62.Kc5 Ra1 63.Kb6 Rb1+ 64.Kc7 Rc1 65.Rd2 Rc3 66.Kb7 Ke7 
67.c7 Rb3+ 68.Kc8 Rh3 69.Rb2 1-0

[Event "POL-chT3"]
[Site "Jastrzebia Gora POL"]
[Date "2016.09.06"]
[Round "4.59"]
[White "Tustanowski, Mateusz"]
[Black "Wisniewski, Szymon"]
[Result "1/2-1/2"]
[WhiteElo "1921"]
[BlackElo "1673"]
[EventDate "2016.09.02"]

1.e4 c5 2.Nc3 Nc6 3.f4 g6 4.Nf3 Bg7 5.g3 e6 6.Bg2 Nge7 7.O-O O-O 8.d3 d6 
9.Ne2 Nd4 10.Nexd4 cxd4 11.e5 Nc6 12.Qe2 Qc7 13.Qf2 dxe5 14.fxe5 Nxe5 15.
Nxd4 Ng4 16.Nb5 Qa5 17.Qc5 a6 18.Qg5 e5 19.h3 Qb6+ 20.Kh1 Nf2+ 21.Kh2 Nxh3
22.Bxh3 Qxb5 23.c4 Qb6 24.Bg2 Bf5 25.Be3 Qc7 26.Rxf5 gxf5 27.Qxf5 Qd6 28.
c5 Qe7 29.Be4 Rfd8 30.Qxh7+ Kf8 31.Bh6 Qf6 32.Qh8+ Ke7 33.Qxg7 Rh8 34.
Qxf6+ Kxf6 35.Bxb7 Rxh6+ 36.Kg2 Rb8 37.c6 Rhh8 38.b4 Rxb7 39.cxb7 Rb8 40.
Rc1 Rxb7 41.Rc6+ Kf5 42.a3 a5 43.bxa5 Rb3 44.Rc7 f6 45.Rd7 Ke6 46.Rd8 Rxa3
47.Ra8 Rxd3 48.a6 Ra3 49.g4 Kd5 50.a7 Ke4 51.Rf8 Rxa7 52.Rxf6 Ke3 53.Kg3 
e4 54.Re6 Kd3 55.g5 Ra1 56.Kf2 Ra2+ 57.Kg3 Ra1 58.g6 Rg1+ 59.Kf2 Rg5 60.
Rd6+ Kc4 61.Ke3 Kc5 62.Ra6 Rg4 63.Ra5+ Kb6 64.Re5 1/2-1/2

[Event "POL-chT3"]
[Site "Jastrzebia Gora POL"]
[Date "2016.09.06"]
[Round "4.60"]
[White "Mackiewicz, Anna"]
[Black "Buksa, Ewelina"]
[Result "1-0"]
[WhiteElo "1943"]
[BlackElo "1684"]
[EventDate "2016.09.02"]

1.d4 d5 2.c4 e6 3.Nf3 c6 4.Nc3 Nf6 5.Bg5 Be7 6.e3 O-O 7.Rc1 Nbd7 8.Bd3 
dxc4 9.Bxc4 b5 10.Bd3 a6 11.O-O c5 12.a4 c4 13.Bb1 Nd5 14.Bxe7 Qxe7 15.Qc2
g6 16.axb5 Nxc3 17.Qxc3 axb5 18.Be4 Rb8 19.b3 Nf6 20.Bc2 Nd5 21.Qa5 Bd7 
22.bxc4 Ra8 23.Qd2 bxc4 24.e4 Nb4 25.d5 Ra6 26.Rfd1 Nxc2 27.Rxc2 Ba4 28.
Ra2 exd5 29.exd5 Bxd1 30.Rxa6 Bxf3 31.gxf3 Rc8 32.Rc6 Rxc6 33.dxc6 Qc5 34.
Qd8+ Kg7 35.c7 1-0

[Event "POL-chT3"]
[Site "Jastrzebia Gora POL"]
[Date "2016.09.06"]
[Round "4.61"]
[White "Kumala, Aleksander"]
[Black "Sadowski, Miroslaw"]
[Result "1-0"]
[WhiteElo "2211"]
[BlackElo "2100"]
[EventDate "2016.09.02"]

1.e4 d6 2.d4 g6 3.Nc3 Bg7 4.Be2 Nc6 5.Be3 e5 6.Nf3 Bg4 7.dxe5 dxe5 8.Nd5 
Nf6 9.Qd3 Qd7 10.O-O-O Nxd5 11.exd5 Bxf3 12.Bxf3 Nd4 13.Bxd4 exd4 14.Rhe1+
Kf8 15.Re4 Bf6 16.h4 Kg7 17.h5 Qd6 18.Rde1 Rhf8 19.R4e2 Rad8 20.Qd2 Qb6 
21.Rh1 h6 22.Qd3 g5 23.Rhe1 Rd6 24.Qf5 d3 25.cxd3 Qd4 26.Be4 Rh8 27.Rc2 c6
28.dxc6 bxc6 29.Qc5 Qxc5 30.Rxc5 Rb8 31.Re2 Rb6 32.Rec2 Bd4 33.Rxc6 Rdxc6 
34.Bxc6 Kf6 35.b3 Ke5 36.Kd1 Kd6 37.Be8 f5 38.Re2 Be5 39.Bg6 f4 40.Be4 Rb5
41.Rc2 Rc5 42.b4 Rxc2 43.Kxc2 g4 44.Kb3 Bd4 45.f3 g3 46.Kc4 Bb6 47.a4 Be3 
48.Kb5 Kc7 49.a5 Bf2 50.Ka4 Be3 51.b5 Kd6 52.Kb3 Kc7 53.Kc4 Bd2 54.b6+ 
axb6 55.a6 b5+ 56.Kxb5 1-0

[Event "POL-chT3"]
[Site "Jastrzebia Gora POL"]
[Date "2016.09.06"]
[Round "4.62"]
[White "Pazderski, Ziemowit"]
[Black "Kasperek, Ryszard"]
[Result "1-0"]
[WhiteElo "2263"]
[BlackElo "2160"]
[EventDate "2016.09.02"]

1.d4 Nf6 2.Bg5 c5 3.d5 Qb6 4.Bxf6 Qxf6 5.Nc3 Qb6 6.e3 Qxb2 7.Nb5 Qb4+ 8.c3
Qa5 9.d6 exd6 10.Rc1 Qb6 11.Nh3 a6 12.Na3 Be7 13.Nc4 Qd8 14.Nf4 Nc6 15.Nd5
b5 16.Nxe7 Qxe7 17.Nxd6+ Kf8 18.Qd5 g6 19.a4 bxa4 20.Bc4 Kg7 21.Qxc5 a5 
22.O-O Ba6 23.Rfd1 Bxc4 24.Qxc4 Rab8 25.Qxa4 Qf6 26.Ne4 Qe7 27.Rd2 Rhd8 
28.Nd6 Qe6 29.h3 Rb3 30.Ne4 Rb6 31.Rcd1 d5 32.Nc5 Qe5 33.c4 d4 34.exd4 
Nxd4 35.Nd7 Ne2+ 36.Kh1 Nc3 37.Qa1 Rxd7 38.Rxd7 Qf6 1-0